| 000 | 00885nam a2200193 a 4500 | ||
|---|---|---|---|
| 008 | 150622s1986 ||||||||||||||||| || u | ||
| 020 | _a9780443033223 | ||
| 050 | _aRC 815 Caw | ||
| 100 | _aCawson, R. A | ||
| 245 | 1 | 0 |
_aAids to oral pathology and diagnosis _cR. A. Cawson |
| 250 | _a2nd ed. | ||
| 260 |
_aEdinburgh: _bChurchill Livingstone _c1986 |
||
| 300 | _a138p. | ||
| 650 | _aTEETH DISEASES--OUTLINES, SYLLABI, ETC | ||
| 650 | _aMOUTH DISEASES--DIAGNOSIS--OUTLINES | ||
| 650 | _aMOUTH DISEASES--OUTLINES, SYLLABI, ETC | ||
| 995 |
_aMEDICAL LIBRARY OPEN ACCESS _e902994 _FCBU-SCHOOL OF MEDICINE LIBRARY (Ndola) _jRC 815 Caw _M1 _UAVAILABLE _WJun 23, 2015 _y902994 _ZMedical Library Open Access Collection |
||
| 995 |
_aMEDICAL LIBRARY OPEN ACCESS _e902995 _FCBU-SCHOOL OF MEDICINE LIBRARY (Ndola) _jRC 815 Caw _M2 _UAVAILABLE _WJun 23, 2015 _y902995 _ZMedical Library Open Access Collection |
||
| 999 |
_c63662 _d63662 |
||